رسائل من عالم الجان : (رقم التسجيلة. 99257)

تفاصيل مارك
000 -الفاتح
عناصر البيانات ثابتة الطول 00757cam a2200193 i 4500
005 - تاريخ ووقت آخر معاملة
حقل ضبط 20251117120835.0
008 - عناصر البيانات ثابتة الطول
عناصر البيانات ثابتة الطول 250721s2003 jo gr 000 0 ara d
082 14 - رقم تصنيف ديوي العشري
رقم التصنيف 210.421334
رقم المادة ع م ر
100 1# - مدخل رئيسي – اسم شخصي
الاسم الشخصي عمران، زياد.
علاقة الشخص بالعمل/ دوره مؤلف.
245 10 - بيان العنوان
العنوان رسائل من عالم الجان :
بقية العنوان الأسرار والحقائق التي تكشفت أدق الخفايا حول عالم الجن /
بيان المسؤولية تأليف زياد علي عمران.
250 ## - بيان الطبعة
بيان الطبعة الطبعة الاولى.
264 31 - بيانات النشر، التوزيع…إلخ
مكان النشر، التوزيع...إلخ عمان :
اسم الناشر، الموزع...إلخ دار الإسراء للنشر والتوزيع،
تاريخ النشر، التوزيع...إلخ 2003.
300 ## - الوصف المادي
عدد الوحدات المكونة للوعاء 80 صفحة.
650 17 - مدخل إضافي بالموضوع - مصطلح موضوعي
مصطلح موضوعي أو اسم جغرافي كعنصر مدخل الإسلام.
650 17 - مدخل إضافي بالموضوع - مصطلح موضوعي
مصطلح موضوعي أو اسم جغرافي كعنصر مدخل السحر.
650 17 - مدخل إضافي بالموضوع - مصطلح موضوعي
مصطلح موضوعي أو اسم جغرافي كعنصر مدخل الممارسات الخفية.
942 ## - بيانات إضافية (كوها)
نوع التنصيف Dewey Decimal Classification
نوع المادة (كوها) كتب
المقتنيات
حالة السحب حالة الفقدان مصدر التصنيف حالة التلف غير قابل للإعارة المكتبة الرئيسية المكتبة الحالية موقع الرف تاريخ التزويد الرقم المتسلسل Total Checkouts رقم الإستدعاء الباركود تاريخ آخر ظهور تاريخ الفاتورة نوع المادة (كوها)
    Dewey Decimal Classification     المكتبة المركزية المكتبة المركزية الإعارة 28/07/2025 1015904   210.421334 / ع م ر 1015904 28/07/2025 28/07/2025 كتب
Implemented & Customized by: BBB with SCIT (Smart Chains for Information Technology)

Powered by Koha